| 000 | 00647nam a22001697a 4500 | ||
|---|---|---|---|
| 008 | 160629b xxu||||| |||| 00| 0 eng d | ||
| 082 |
_22008 _aUT 0165 _bD34 |
||
| 100 |
_910730 _aDele Cruz, Filipinas G. |
||
| 245 |
_aMusic preferenceand academic performance of education students of the University of Mindanao Digos College/ _cFilipinas G. Dela Cruz [and three others]. |
||
| 260 |
_aDigos City: _bUMDC _cOctober 2008. |
||
| 300 |
_a48 pages; _c28 cm. |
||
| 650 | 0 |
_910729 _aEducation _vMAPEH _xUndergraduate thesis. |
|
| 700 |
_910726 _aAlbios, Cheenee A. |
||
| 700 |
_910727 _aPiyaw, Kamille T. |
||
| 700 |
_910728 _aSantos, Jig C. |
||
| 942 |
_2ddc _cUT |
||
| 999 |
_c3209 _d3209 |
||